000 00814nam a2200277 a 4500
003 CO-ViMGA
005 20240517150807.0
007 ta
008 141112s2004 ck r 000 u spa d
020 _a9582004665
040 _aCO-ViMGA
_bspa
_cCO-ViMGA
_erda
082 0 4 _a158.1 P173j
100 1 _aPardo Barrios, Ines
_928815
245 1 0 _aJovenes construyendo su proyecto de vida
250 _a1a. edición
300 _a130 p.
336 _2rdacontent
_atexto
_btxt
337 _2rdamedia
_asin mediación
_bn
338 _2rdacarrier
_avolumen
_bnc
490 _aColección Aula Abierta
590 _aForma de adquisición : Premio Mincultura
650 1 4 _aAUTOESTIMA
_2LEMB
_91478
650 1 4 _aPSICOLOGIA APLICADA
_2LEMB
_941496
650 1 4 _aPSICOLOGIA DEL ADOLESCENTE
_2LEMB
_916706
942 _2ddc
_cBK
999 _c38158
_d38158